000 01151nam a2200301 4500
003 CO-CtgCURN
005 20250411134619.0
007 ta
008 160627s2009 000 0 eng d
020 _a9788448168032
040 _aCO-CtgCURN
_bspa
_ccoctgcurn
082 0 _a530
_bJ861
100 1 _aJou Mirabent, David.
245 1 0 _aFísica para las ciencias de la vida /
_cDavid Jou Mirabent; Josep Enric Llebot Rabagliati; Carlos Pérez García.
250 _asegunda edición.
260 _aMadrid :
_bMcGraw-Hill Interamericana,
_c2009.
300 _a459 páginas.
336 _2rdacontent
337 _2rdamedia
_asin mediacion
_bn
338 _2rdacarrier
_avolumen
_bnc
505 8 _aMecanica y biomecánica.-- Elasticidad: huesos, músculos, macromoléculas.-- Mecánica de fluidos.-- Termodinámica.-- Oscilaciones ondas y acústica.-- Electricidad y magnetismo.-- Óptica.-- Radiactividad
650 1 4 _aFisica.
700 1 _aLlebot Rabagliati, Josep Enric.
700 1 _aPérez García, Carlos.
908 _a160627
942 _cBK
_h530
_iJ861
_2ddc
_n0
999 _c20942
_d20942